UK Housing Review (Record no. 112192)

MARC details
000 -LEADER
fixed length control field 01337cam a22003015a 4500
001 - CONTROL NUMBER
control field L152733
008 - FIXED-LENGTH DATA ELEMENTS--GENERAL INFORMATION
fixed length control field 110418s2011 xxk df 000 0 eng d
020 ## - INTERNATIONAL STANDARD BOOK NUMBER
International Standard Book Number 9781905018895
035 ## - SYSTEM CONTROL NUMBER
System control number (Sirsi) u152733
041 0# - LANGUAGE CODE
Language code of text/sound track or separate title eng
050 04 - LIBRARY OF CONGRESS CALL NUMBER
Classification number 306.3 $2 18.
100 1# - MAIN ENTRY--PERSONAL NAME
Personal name Wilcox, S.
110 2# - MAIN ENTRY--CORPORATE NAME
Corporate name or jurisdiction name as entry element Chartered Institute of Housing
9 (RLIN) 2394
245 00 - TITLE STATEMENT
Title UK Housing Review
Remainder of title 2010/2011
250 ## - EDITION STATEMENT
Edition statement 19th ed.
260 ## - PUBLICATION, DISTRIBUTION, ETC.
Place of publication, distribution, etc. Totton
-- hartered Institute of Housing
Date of publication, distribution, etc. 2011.
300 ## - PHYSICAL DESCRIPTION
Extent 240p. ill.; $3 0cm.
505 2# - FORMATTED CONTENTS NOTE
Formatted contents note Introduction -- Section 1: Contemporary issues -- Section 2: Commentary -- Section 3: Compendium of tables
520 ## - SUMMARY, ETC.
Summary, etc. A key resource for staff in the public and private housing sectors. Includes over two hundred charts and tables regarding housing stock and conditions, house prices and market trends, rents and revenue spending, subsides, tax relief and benefits and Uk and international economic trends.
520 ## - SUMMARY, ETC.
Summary, etc. Statistical tables and commentary are available at www.ukhousingreview.org.uk
521 ## - TARGET AUDIENCE NOTE
Target audience note Advanced.
650 24 - SUBJECT ADDED ENTRY--TOPICAL TERM
Topical term or geographic name entry element UK HOUSING REVIEW
651 #4 - SUBJECT ADDED ENTRY--GEOGRAPHIC NAME
Geographic name United Kingdom
Chronological subdivision
690 ## - LOCAL SUBJECT ADDED ENTRY--TOPICAL TERM (OCLC, RLIN)
Topical term or geographic name as entry element PROPERTY-RESIDENTIAL PROPERTY
700 1# - ADDED ENTRY--PERSONAL NAME
Personal name Pawson, H.
856 40 - ELECTRONIC LOCATION AND ACCESS
Uniform Resource Identifier <a href="https://www.ukhousingreview.org.uk/">https://www.ukhousingreview.org.uk/</a>
Public note View the statistical tables and commentary free of charge at www.ukhousingreview.org.uk.
942 ## - ADDED ENTRY ELEMENTS (KOHA)
Suppress in OPAC 0
Holdings
Withdrawn status Lost status Source of classification or shelving scheme Damaged status Not for loan Home library Current library Shelving location Date acquired Cost, normal purchase price Total Checkouts Full call number Barcode Date last seen Copy number Cost, replacement price Price effective from Koha item type
    Dewey Decimal Classification     London London Basement 21/04/2011 48.00   F306.3WIL 30075724 06/08/2019 1 48.00 06/08/2019 Book